History Quiz

Random History Quiz

Milestones in Belgian history (Clickable) Quiz Stats

 Plays Quiz not verified by Sporcle

Score 0/25 Timer 10:00
0 Plays Today
% Correct
1914
72.8%
1815
66.2%
1830
62%
1960
61.5%
2013
60.1%
1923
57.3%
1940
56.8%
1831
54%
1848
50.2%
1996
49.8%
2011
48.8%
1952
46.9%
1978
46.5%
% Correct
1839
43.7%
1951
42.3%
1984
37.6%
1990
31.9%
1885
31%
2009
30.5%
1908
29.6%
1909
24.4%
1991
23.5%
1873
19.2%
1993
18.3%
1884
15.5%

You're not logged in!

Compare scores with friends on all Sporcle quizzes.
Join for Free
OR
Log In

You Might Also Like...

Show Comments

Extras

Top Quizzes Today


Score Distribution

Your Account Isn't Verified!

In order to create a playlist on Sporcle, you need to verify the email address you used during registration. Go to your Sporcle Settings to finish the process.

Report this User

Report this user for behavior that violates our Community Guidelines.

Details: